000 nam a22 7a 4500
999 _c10493
_d10493
008 180217b ||||| |||| 00| 0 eng d
100 _aKhanna,B.
_92544
245 _aAaybee general Knowledge IQ Test
260 _aNew Delhi
_bAay Bee
_c2012